00000000nam 2200000zi 4500
0019.941663
003CaOODSP
00520250721151346
006m     o  d f      
007cr mn|||||||||
008240808t20242024onca    o    f000 0 eng d
020 |a9780660730769
040 |aCaOODSP|beng|erda|cCaOODSP
043 |an-cn---
0861 |aPS74-21/2024E-PDF
24510|aUnited Nations Declaration on the Rights of Indigenous Peoples Act implementation at the Canadian Security Intelligence Service.
264 1|a[Ottawa] : |bCanadian Security Intelligence Service = Service canadien du renseignement de sécurité, |c[2024]
264 4|c©2024
300 |a1 online resource (8 pages) : |bcolour illustrations
336 |atext|btxt|2rdacontent
337 |acomputer|bc|2rdamedia
338 |aonline resource|bcr|2rdacarrier
500 |aIssued also in French under title: Mise en œuvre de la Loi sur la Déclaration des Nations Unies sur les droits des peuples autochtones au Service canadien du renseignement de sécurité.
500 |a"Unclassified."
61020|aCanadian Security Intelligence Service.
61010|aCanada. |tUnited Nations Declaration on the Rights of Indigenous Peoples Act.
650 0|aIndigenous peoples|xLegal status, laws, etc.|zCanada.
650 0|aIndigenous peoples|xCivil rights|zCanada.
650 0|aIndigenous peoples|zCanada|xGovernment relations.
7102 |aCanadian Security Intelligence Service, |eissuing body.
77508|tMise en œuvre de la Loi sur la Déclaration des Nations Unies sur les droits des peuples autochtones au Service canadien du renseignement de sécurité.|w(CaOODSP)9.941662
7760#|tUnited Nations Declaration Act Implementation at the Canadian Security Intelligence Service.|w(CaOODSP)9.942069
85640|qPDF|s14.60 MB|uhttps://publications.gc.ca/collections/collection_2025/scrs-csis/PS74-21-2024-eng.pdf
8564 |qHTML|sN/A|uhttps://www.canada.ca/en/security-intelligence-service/corporate/publications/united-nations-declaration-on-the-rights-of-indigenous-peoples-act-implementation.html